Normal view
MARC view
Entry Topical Term
001 - CONTROL NUMBER
- control field: 49442
003 - CONTROL NUMBER IDENTIFIER
- control field: OSt
005 - DATE AND TIME OF LATEST TRANSACTION
- control field: 20241211114702.0
008 - FIXED-LENGTH DATA ELEMENTS
- fixed length control field: 241211|| aca||aabn | a|a d
040 ## - CATALOGING SOURCE
- Original cataloging agency: OSt
- Transcribing agency: OSt
150 ## - HEADING--TOPICAL TERM
- Topical term or geographic name entry element: Local governance, Public sector, Innovation, Covid.
670 ## - SOURCE DATA FOUND
- Source citation: Work cat.: (OSt): Merdan Seker, Shearmur, Richard and Beaudet, Gérard 49441, Defying stereotypes, populism, and neoliberal discourse: Municipal agility and innovation during COVID
